000 00526nam a2200193Ia 4500
001 59901
008 160611n ii |||gr||||Z||||||465
082 _a891.43309
100 _aBatrohi.
245 0 _aKahani :Samwad Ka Tisra Ayam (Criticism)
_cBy Batrohi
_hTextual Documents
250 _aFirst.
260 _aDelhi
_bNational publishing house
300 _a275pg.:
_c23cm.
653 _aHindi
653 _aKahani :Samwad Ka Tisra Ayam (Criticism)
653 _aG-Hindi
653 _aHindi Literature
942 _2ddc
_cBK
999 _c59776
_d59776